[Event "POL-chT 2nd div North"]
[Site "Lublin"]
[Date "1999.??.??"]
[Round "6"]
[White "Nadkierniczny, Artur"]
[Black "Gryniakow, Jaroslaw"]
[Result "0-1"]
[WhiteElo "2060"]
[BlackElo "2225"]
[PlyCount "60"]
[EventDate "1999.09.11"]
[EventType "team-swiss"]
[EventRounds "8"]
[EventCountry "POL"]
[SourceTitle "EXT 2003"]
[Source "ChessBase"]
[SourceDate "2002.11.25"]
[SourceVersion "1"]
[SourceVersionDate "2002.11.25"]
[SourceQuality "1"]
[WhiteTeam "POL-chT 2nd div North 1"]
[BlackTeam "Torun Torfarm 64"]
[WhiteTeamCountry "POL"]
[BlackTeamCountry "POL"]

1. e4 c5 2. Nf3 Nc6 3. d4 cxd4 4. Nxd4 Nf6 5. Nc3 e5 6. Ndb5 d6 7. Bg5 a6 8. Na3 b5 9. Nd5 Be7 10. Bxf6 Bxf6 11. c3 Bb7 12. Nc2 Ne7 13. Nce3 Bg5 14. Nxe7 Bxe7 15. Nd5 Bc6 16. Be2 0-0 17. 0-0 Bg5 18. c4 b4 19. Qd3 a5 20. a3 bxa3 21. Rxa3 g6 22. Rd1 Kh8 23. Nc3 Be7 24. Nd5 Bg5 25. Bg4 Qb8 26. Rb3 Qa7 27. Nb6 Rad8 28. Ra1 a4 29. Nxa4 Qa8 30. f3 Qa7+ 0-1